00862 2200301 4500001002100000005001500021035002000036007000300056008004100059020002200100082001100122084001500133245013400148250001000282260002900292300003800321650002600359700002400385700002300409700001800432700001900450700001600469504002700485990001200512990001200524990001200536990001200548INLIS00000000000539820200224113935 a0010-0220000116ta200224 e 0 ind  a978-602-52747-1-8 a610.73 a610.73 KET aKeterampilan Dasar Tindakan Keperawatan (KDTK) /cAndi Sitti Jamilah, Nusiana Bumbungan, Ratri Restuni, Yayuk Erawati, Tim ASASKI acet.1 a[s.l] :bIn Media,c2018 axvii, 309 hlm. :bilus. ;c24 cm. 4aPERAWAT DAN PERAWATAN0 aANDI, Sitti Jamilah0 aNUSIANA, Bumbungan0 aRATRI, Restun0 aYAYUK, Erawati0 aTIM, ASASKI aBibliografi : hlm. 309 a17082 A a17082 B a17082 C a17082 D